Medallas de la Casa de Borbón, de D. Amadeo I, del gobierno provisional y de la República Española / (Record no. 141289)
[ view plain ]
| 000 -LEADER | |
|---|---|
| campo de control de longitud fija | 00868nam a2200229 4500 |
| 001 - NÚMERO DE CONTROL | |
| campo de control | 141289 |
| 003 - IDENTIFICADOR DE NÚMERO DE CONTROL | |
| campo de control | ES-MaACL |
| 005 - FECHA Y HORA DE LA ÚLTIMA TRANSACCIÓN | |
| campo de control | 20250903090035.0 |
| 007 - CAMPO FIJO DE DESCRIPCIÓN FÍSICA--INFORMACIÓN GENERAL | |
| campo de control de longitud fija | t| |
| 008 - DATOS DE LONGITUD FIJA--INFORMACIÓN GENERAL | |
| campo de control de longitud fija | 070920s1916 sp af |||| | spa d |
| 100 1# - ENTRADA PRINCIPAL--NOMBRE DE PERSONA | |
| Nombre de persona | Vives y Escudero, Antonio. |
| 9 (RLIN) | 115597 |
| 245 10 - MENCIÓN DEL TÍTULO | |
| Título | Medallas de la Casa de Borbón, de D. Amadeo I, del gobierno provisional y de la República Española / |
| Mención de responsabilidad, etc. | por Antonio Vives. |
| 260 ## - PUBLICACIÓN, DISTRIBUCIÓN, ETC. | |
| Lugar de publicación, distribución, etc. | Madrid : |
| Nombre del editor, distribuidor, etc. | [s.n.], |
| Fecha de publicación, distribución, etc. | 1916 ( |
| Fabricante | Blass y Cía) |
| 300 ## - DESCRIPCIÓN FÍSICA | |
| Extensión | XXIV, 533 p., 74 h. de lám. ; |
| Dimensiones | 28 cm. |
| 490 1# - MENCIÓN DE SERIE | |
| Mención de serie | Catálogo de la Real Biblioteca ; |
| Designación de volumen o secuencia | 4 |
| 610 24 - PUNTO DE ACCESO ADICIONAL DE MATERIA--NOMBRE DE ENTIDAD CORPORATIVA | |
| Nombre de entidad corporativa o nombre de jurisdicción como elemento de entrada | Palacio Real (Madrid). |
| Unidad subordinada | Biblioteca- |
| Subdivisión de forma | Catálogos. |
| 9 (RLIN) | 143157 |
| 650 #4 - PUNTO DE ACCESO ADICIONAL DE MATERIA--TÉRMINO DE MATERIA | |
| Término de materia o nombre geográfico como elemento de entrada | Medallas- |
| Subdivisión geográfica | España. |
| 9 (RLIN) | 141425 |
| 710 2# - ENTRADA AGREGADA--NOMBRE DE ENTIDAD CORPORATIVA | |
| Nombre de entidad corporativa o nombre de jurisdicción como elemento de entrada | Palacio Real (Madrid). |
| Unidad subordinada | Biblioteca. |
| 9 (RLIN) | 6101 |
| 830 00 - PUNTO DE ACCESO ADICIONAL DE SERIE-TÍTULO UNIFORME | |
| Título uniforme | Catálogo de la Real Biblioteca |
| Designación de volumen o secuencia | 4 |
| 9 (RLIN) | 189465 |
| 852 ## - LOCALIZACIÓN | |
| Ubicación | ES-MaACL |
| Número de control de estantería | G-3311 |
| Estatus retirado | Estado de pérdida | Estado de daño | No para préstamo | Biblioteca de origen | Biblioteca actual | Ubicación en estantería | Fecha de adquisición | Fuente de adquisición | Total de préstamos | Signatura topográfica completa | Código de barras | Visto por última vez | Precio de reemplazo | Tipo de ítem Koha |
|---|---|---|---|---|---|---|---|---|---|---|---|---|---|---|
| Biblioteca del Ateneo de Madrid | Biblioteca del Ateneo de Madrid | Depósito 2 | 17/01/2008 | G-3311 | 1147015 | 23/02/2023 | 23/02/2023 | Libro impreso |
